Hechizo de lluvia y otros conjuros / (Registro nro. 15122)
[ vista simple ]
| 000 -LEADER | |
|---|---|
| fixed length control field | 00886nam a22002657a 4500 |
| 003 - CONTROL NUMBER IDENTIFIER | |
| control field | DO-SdBPM |
| 005 - DATE AND TIME OF LATEST TRANSACTION | |
| control field | 20250530123145.0 |
| 007 - PHYSICAL DESCRIPTION FIXED FIELD--GENERAL INFORMATION | |
| fixed length control field | ta |
| 008 - FIXED-LENGTH DATA ELEMENTS--GENERAL INFORMATION | |
| fixed length control field | 220601b2018 dr | |||| 00| 0 spa d |
| 020 ## - INTERNATIONAL STANDARD BOOK NUMBER | |
| International Standard Book Number | 9789945484274 |
| 040 ## - CATALOGING SOURCE | |
| Original cataloging agency | DO-SdBPM |
| Language of cataloging | spa |
| Transcribing agency | BNPHU |
| 082 #4 - DEWEY DECIMAL CLASSIFICATION NUMBER | |
| Classification number | RD861.5 |
| Item number | M578h 2018 |
| Edition number | 22 |
| 100 1# - MAIN ENTRY--PERSONAL NAME | |
| Personal name | Mesa, Ramón, |
| Dates associated with a name | 1976- |
| 245 10 - TITLE STATEMENT | |
| Title | Hechizo de lluvia y otros conjuros / |
| Statement of responsibility, etc. | Ramón Mesa ; prólogo y edición Jesús Cordero. |
| 260 ## - PUBLICATION, DISTRIBUTION, ETC. (IMPRINT) | |
| Place of publication, distribution, etc. | Santo Domingo : |
| Name of publisher, distributor, etc. | Fundación Literaria Aníbal Montaño, |
| Date of publication, distribution, etc. | 2018. |
| 300 ## - PHYSICAL DESCRIPTION | |
| Extent | 128 p. ; |
| Dimensions | 23 cm. |
| 490 0# - SERIES STATEMENT | |
| Series statement | La poética del barrio ; |
| -- | Marca provincia |
| 500 ## - GENERAL NOTE | |
| General note | Incluye datos biográficos del autor en las solapas |
| 590 ## - LOCAL NOTE (RLIN) | |
| Local note | Inventariado, 2025/VM |
| 650 #4 - SUBJECT ADDED ENTRY--TOPICAL TERM | |
| Topical term or geographic name as entry element | Poesía dominicana |
| 650 #4 - SUBJECT ADDED ENTRY--TOPICAL TERM | |
| Topical term or geographic name as entry element | Literatura dominicana |
| 700 1# - ADDED ENTRY--PERSONAL NAME | |
| Personal name | Cordero, Jesús, |
| Relator term | prólogo |
| 910 ## - USER-OPTION DATA (OCLC) | |
| User-option data | VMateo V. Control de calidad BPMSU |
| 942 ## - ADDED ENTRY ELEMENTS (KOHA) | |
| Source of classification or shelving scheme | Dewey Decimal Classification |
| Koha item type | Libros |
| Withdrawn status | Lost status | Source of classification or shelving scheme | Damaged status | Not for loan | Collection code | Home library | Current library | Date acquired | Total Checkouts | Full call number | Barcode | Date last seen | Price effective from | Koha item type | Copy number |
|---|---|---|---|---|---|---|---|---|---|---|---|---|---|---|---|
| Dewey Decimal Classification | Colección Dominicana | Biblioteca Pública Metropolitana Salomé Ureña | Biblioteca Pública Metropolitana Salomé Ureña | 05/30/2025 | BPMSU CD RD861.5 M578h 2018 | BPMSU25050114 | 05/30/2025 | 05/30/2025 | Libros | ||||||
| Dewey Decimal Classification | Colección Dominicana | Biblioteca Pública Metropolitana Salomé Ureña | Biblioteca Pública Metropolitana Salomé Ureña | 05/30/2025 | BPMSU CD RD861.5 M578h 2018 | BPMSU25080080 | 08/28/2025 | 05/30/2025 | Libros | e.2 |